Riconosci la Squadra di calcio - Quiz n°231 - Statistics

Statistiche generali
  • Questo quiz è stato fatto 3 volte
  • Il punteggio medio è 5 su 9
Statistiche sulle risposte
Indizio Risposta % Corretto
Titoli nazionali 11 Campionati sovietici
100%
Trofei internazionali 0
67%
Colori sociali Bianco, azzurro
67%
Confederazione UEFA
67%
Fondazione 1923
33%
Rifondazione 27 000 posti
33%
Trofei nazionali 6 Coppe dell'URSS 1 Coppa di Russia 1 Supercoppa dell'URSS
33%
Squadra Dinamo Mosca
33%
Divisione nazionale 2023-2024 Prima
33%
Nessun quiz corrispondente trovato
Distribuzione punteggi
Percentuale di utenti per punteggio
Percentile per numero di risposta
I tuoi punteggi nel tempo
Non hai fatto questo quiz